| 000 | 00788nam a22002417a 4500 | ||
|---|---|---|---|
| 001 | 3471 | ||
| 003 | FISKH | ||
| 005 | 20240307155744.0 | ||
| 008 | 240307b cb ||||| |||| 00| 0 eng d | ||
| 040 |
_aFISK _beng _cFISK _dFISK |
||
| 050 | _aPZ7.G826357 | ||
| 082 | _a813.54 | ||
| 100 |
_aGreen Tim _d1963- |
||
| 245 |
_aFootball hero / _cTim Green |
||
| 260 |
_aNew York : _bScholastic, _c2009 |
||
| 300 |
_a297 pages : _c20 cm |
||
| 505 | _aO | ||
| 520 | _aWhen twelve-year-old Ty's brother Thane is recruited out of college to play for the New York Jets, their Uncle Gus uses Ty to get insider information for his gambling ring, landing Ty and Thane in trouble with the Mafia. | ||
| 521 | 8 |
_a840 _bLexile |
|
| 700 | _aTim Green | ||
| 942 |
_2ddc _cBK _n0 |
||
| 999 |
_c3471 _d3471 |
||